• 首页
  • 本馆介绍
  • 公告通知
  • 最新文献
  • 馆藏检索
  • 电子资源
  • 读者导购
  • 参考咨询
  • 我的图书馆
  • 登录
  • 详细信息显示
  • 放入我的书架
  • 预约/预借图书
  • 作者相关作品
  • 分类相关作品
  • 丛书相关作品
  • 出版社相关作品

书目信息

  • 表格格式
  • 工作单格式
  • 卡片格式
题名:
中美货币战争纪实
    
 
作者: 高低 , 肖万春 著
分册:  
出版信息: 北京   中央编译出版社  2009
页数: 278页
开本: 24cm
丛书名:
单 册:
中图分类: F822.0
科图分类:
主题词: 人民币--中美关系--国际经济关系--研究 , 人民币 , 中美关系 , 国际经济关系
电子资源:
ISBN: 978-7-5117-0047-6
000 01167nam0 2200289 45
001 1034572374
005 20100319083252.95
010    @a978-7-5117-0047-6@dCNY29.80
100    @a20100312d2009 em y0chiy50 ea
101 0  @achi
102    @aCN@b110000
105    @aa z 000yy
106    @ar
200 1  @a中美货币战争纪实@AZhong Mei Huo Bi Zhan Zheng Ji Shi@e共和国高端决策揭秘@EGong He Guo Gao Duan Jue Ce Jie Mi@f高低,肖万春著@FGao Di, Xiao Wan Chun Zhu
210    @a北京@c中央编译出版社@d2009
215    @a278页@c照片@d24cm
330    @a本书介绍了中国与美国等西方国家在人民币汇改问题上争执的来龙去脉,并对人民币升值问题乃至由此引起的贸易战、国债战、G20会议等大事件进行了生动描述,揭示了人民币国际化进程的艰难性和曲折性,是了解中美两国高端在货币战争中斗智斗勇的不可多得的通俗读物
517 1  @a共和国高端决策揭秘@AGong He Guo Gao Duan Jue Ce Jie Mi
606 0  @a人民币@x中美关系@x国际经济关系@x研究
606 0  @a人民币
606 0  @a中美关系
606 0  @a国际经济关系
690    @aF822.0@v4
701  0 @a高低@AGao Di@4著
701  0 @a肖万春@AXiao Wan Chun@f(1963~)@4著
801  0 @aCN@bTANGWEI@c20100319
905    @b0586399-403@dF822.0@e48@f5
    
    中美货币战争纪实:共和国高端决策揭秘/高低,肖万春著.-北京:中央编译出版社,2009
    278页:照片;24cm
    
    
    ISBN 978-7-5117-0047-6:CNY29.80
    本书介绍了中国与美国等西方国家在人民币汇改问题上争执的来龙去脉,并对人民币升值问题乃至由此引起的贸易战、国债战、G20会议等大事件进行了生动描述,揭示了人民币国际化进程的艰难性和曲折性,是了解中美两国高端在货币战争中斗智斗勇的不可多得的通俗读物
●
相关链接 在E读中查询图书 在五车中查询图书 在当当中查询图书 在豆瓣中查询图书


正题名:中美货币战争纪实     索取号:F822.0/48         预约/预借

序号 登录号 条形码 馆藏地/架位号 状态 备注
1 0586399   205863993   第一样本阅览室/ [索取号:F822.0/48] 在馆    
2 0586400   205864000   第一借阅区/ [索取号:F822.0/48] 在馆    
3 0586401   205864019   第一借阅区/ [索取号:F822.0/48] 在馆    
4 0586402   205864028   第一借阅区/ [索取号:F822.0/48] 在馆    
5 0586403   205864037   密集书库-海洋学院/ [索取号:F822.0/48] 在馆    
唐山师范学院图书馆 欢迎您!
大连网信软件有限公司© 版权所有